000 00289nam a22001337a 4500
008 170715b xxu||||| |||| 00| 0 eng d
020 _a9780195059274
041 _aeng
080 _a101
100 _a24
101 _aFIL
245 _aTHE PHILOSOPHERS
_cSCHARFSTEIN,B
942 _2udc
_cBK
999 _c21201
_d21201